Comportement du consommateur : facteur d'influence externe, famille, groupes, culture, "conomie et entreprise (Record no. 33705)

MARC details
000 -LEADER
fixed length control field 00766 a2200265 4500
037 ## - SOURCE OF ACQUISITION
Stock number De 8997
037 ## - SOURCE OF ACQUISITION
Stock number De 8998
020 ## - NUMERO INTERNATIONAL NORMALISE DES LIVRES
International Standard Book Number 2-8041-1754-5
100 ## - VEDETTE PRINCIPALE - NOM DE PERSONNE
Personal name Van Vracem, Paul
100 ## - VEDETTE PRINCIPALE - NOM DE PERSONNE
Language of a work Fr
260 ## - PUBLICATION, DISTRIBUTION, ETC. (IMPRINT)
Place of publication, distribution, etc Bruxelles
260 ## - PUBLICATION, DISTRIBUTION, ETC. (IMPRINT)
Name of publisher, distributor, etc DeBoeck
245 ## - TITLE STATEMENT
Title Comportement du consommateur : facteur d'influence externe, famille, groupes, culture, "conomie et entreprise
260 ## - PUBLICATION, DISTRIBUTION, ETC. (IMPRINT)
Date of publication, distribution, etc 1994
300 ## - PHYSICAL DESCRIPTION
Extent 365p.
300 ## - PHYSICAL DESCRIPTION
Other physical details 24 cm.
440 ## - SERIES STATEMENT/ADDED ENTRY--TITLE
Title Collection Entreprise
440 ## - SERIES STATEMENT/ADDED ENTRY--TITLE
International Standard Serial Number 0777-284X
630 ## - SUBJECT ADDED ENTRY--UNIFORM TITLE
Uniform title 65 - Gestion et organisation de l'industrie, du commerce, de la communication et des transports
650 ## - SUBJECT ADDED ENTRY--TOPICAL TERM
Topical term or geographic name as entry element 6 - SCIENCES APPLIQUEES
650 ## - SUBJECT ADDED ENTRY--TOPICAL TERM
Topical term or geographic name as entry element Consommateur : comportement
700 ## - ADDED ENTRY--PERSONAL NAME
Personal name Janssens-Umflat, Martine
Holdings
Withdrawn status Lost status Damaged status Not for loan Location (home branch) Sublocation or collection (holding branch) Date acquired Koha issues (times borrowed) Koha full call number Koha date last seen Price effective from Koha item type
        Bibliothèque Universitaire Centrale Bibliothèque Universitaire Centrale 28/02/2009   658.89 VRA 28/02/2009 28/02/2009 Livre


© 2008, Bibliothèques de l'Université d'Abomey-Calavi

04 BP 789 Cotonou, Tél. : +229 21 36 01 01, Fax : +229 21 35 06 32

Courriel : bu@bu.uac.bj